000 00698nam a2200289Ia 4500
005 20260324123055.0
008 008 260324s9999 xx 000 0 eng d
020 _a9780203118252
037 _aEBOOK
040 _aCRL
040 _beng
040 _cCRL
041 _2eng
041 _aeng
084 _qCRL
100 _aBree Picower
_91168917
245 0 _aPractice What You Teach
245 0 _bSocial Justice Education in the Classroom and the Streets
260 _bTaylor and Francis
260 _c2012
365 _a
365 _b230
856 _uhttp://www.taylorfrancis.com/books/9780203118252
942 _cEBOOK
999 _c1762122
_d1762122